Statistiques concernant Culture Générale - Série 1446

Cliquez ici pour prendre le quiz!

Statistiques générales

  • Ce quiz a été pris 74 fois
  • Le résultat moyen est 5 sur 10

Statistiques - réponses

QuestionRéponse% Correct
Sous quel prénom connaît-on le père de la chanteuse américaine Nancy Sinatra ?Frank
86%
Sur une grille de Scrabble, quel symbole figure sur la case où le premier mot doit être placé ?étoile
73%
Quel pianiste polonais a composé l'Étude op. 10 n° 3 en la majeur, connue sous le titre : "Tristesse" ?Frédéric Chopin
56%
Quel armurier est spécialisé dans la fabrication de couteaux et d'instruments tranchants ?coutelier
56%
Quel type de voix masculine se situe entre le ténor et la basse ?baryton
47%
En 1973, quel prénom est le titre d'un single des Rolling Stones ?Angie
43%
De quel pays Idi Amin Dada fut-il le président de la République, de 1971 à 1979 ?Ouganda
41%
Quel mot turc désigne le religieux musulman, chargé d'appeler du minaret les fidèles à la prière ?muezzin
37%
Quel groupe de rock britannique a été fondé par les frères Knopfler dans les années 1970 ?Dire Straits
33%
Quel est le pseudonyme du chanteur et pianiste noir américain Richard Wayne Penniman ?Little Richard
6%

Distribution des résultats

Percentile par nombre de réponses

% des personnes avec chaque résultat

Votre développement - résultats

Vous n’avez pas pris ce quiz